Описание Иудейской земли во время Иисуса Христа (Запись № 5150899)

Подробности
000 -МАРКЕР
контрольное поле 02801nam0a22004691 4500
001 - ИДЕНТИФИКАТОР ЗАПИСИ
контрольное поле v19\rc\2114078
005 - ИДЕНТИФИКАТОР ВЕРСИИ
контрольное поле 20260407090841.0
035 ## - ДРУГИЕ СИСТЕМНЫЕ НОМЕРА
Идентификатор записи (NLR Aleph) 005183925
100 ## - ДАННЫЕ ОБЩЕЙ ОБРАБОТКИ
Данные общей обработки 20090914d1824 |||y0rusy50 ca
101 1# - ЯЗЫК РЕСУРСА
Язык текста, звукозаписи и т.д. русский
Язык оригинала немецкий
102 ## - СТРАНА ПУБЛИКАЦИИ ИЛИ ПРОИЗВОДСТВА
Страна публикации Российская Федерация
140 ## - ПОЛЕ КОДИРОВАННЫХ ДАННЫХ: СТАРОПЕЧАТНЫЕ ИЗДАНИЯ - ОБЩАЯ ИНФОРМАЦИЯ
Кодированные данные о старопечатном издании - Основные j у ega yyy
200 1# - ЗАГЛАВИЕ И СВЕДЕНИЯ ОБ ОТВЕТСТВЕННОСТИ
Основное заглавие Описание Иудейской земли во время Иисуса Христа
Сведения, относящиеся к заглавию Для читателей священнаго писания
-- С гравированной и раскрашенной картой
210 ## - ПУБЛИКАЦИЯ, РАСПРОСТРАНЕНИЕ И ДР.
Место издания, распространения и т.д. С. Петербург
Имя издателя, распространителя и т. д. при Императорской Академии наук
Дата издания, распространения и т.д. 1824
215 ## - ФИЗИЧЕСКАЯ ХАРАКТЕРИСТИКА
Специфическое обозначение материала и объем 107, [2] с., 1 л. карт.
Размеры
300 ## - ОБЩИЕ ПРИМЕЧАНИЯ
Текст примечания Ценз.: Г.П. Павский, 15 окт. 1824 г.
300 ## - ОБЩИЕ ПРИМЕЧАНИЯ
Текст примечания Предисл. изд. на с.3-4
300 ## - ОБЩИЕ ПРИМЕЧАНИЯ
Текст примечания Имеются подстроч. примеч. ист. характера
300 ## - ОБЩИЕ ПРИМЕЧАНИЯ
Текст примечания На с.1-2 географич. указ. ("Азбучной список наименнованний земель, гор, рек, городов в сей книги упоминаемых").
300 ## - ОБЩИЕ ПРИМЕЧАНИЯ
Текст примечания Кн. продавалась в Москве у книгопродавца Ельцнера (см. рец.)
300 ## - ОБЩИЕ ПРИМЕЧАНИЯ
Текст примечания Переделка кн.: Ioh. Fr. Röhr. Palästina, oder Historish-geographische Beschreibung des Iudischen Landes zur Zeit Iesu... 1821
300 ## - ОБЩИЕ ПРИМЕЧАНИЯ
Текст примечания Ил.: Карта Иудейской земли во время Ииуса Христа. Грав. И.И. Колпаков
300 ## - ОБЩИЕ ПРИМЕЧАНИЯ
Текст примечания Цена: 4 руб. на простой бумаге, 6 руб. на венелевой с первыми оттисками карты (см. рец.)
300 ## - ОБЩИЕ ПРИМЕЧАНИЯ
Текст примечания Рец.: Библиогр. листы, 2, стб. 48-57; Вестник Европы. 1825. №2. С.159.
321 1# - ПРИМЕЧАНИЯ ОБ ОТДЕЛЬНО ИЗДАННЫХ УКАЗАТЕЛЯХ / РЕФЕРАТАХ / ССЫЛКАХ, ОТРАЖАЮЩИХ КАТАЛОГИЗИРУЕМЫЙ ДОКУМЕНТ
Примечания об указателях, рефератах, ссылках СК 1801-1825 6086
500 10 - УНИФИЦИРОВАННОЕ ЗАГЛАВИЕ
Связь между полями z01702
Унифицированное заглавие Palästina, oder Historish-geographische Beschreibung des Iudischen Landes zur Zeit Iesu...
600 #0 - ИМЯ ЛИЦА КАК ПРЕДМЕТ
Начальный элемент ввода Иисус Христос
Системный номер авторитетной/нормативной записи 1151654
Идентификатор авторитетной/нормативной записи RU\NLR\AUTH\66459662
620 ## - МЕСТО И ДАТА ПУБЛИКАЦИИ, ИСПОЛНЕНИЯ И Т. Д.
Город Санкт-Петербург
702 #1 - ИМЯ ЛИЦА - ВТОРИЧНАЯ ОТВЕТСТВЕННОСТЬ
Связь между полями z01500
Начальный элемент ввода Рер
Часть имени, кроме начального элемента ввода И.Ф.
Даты 1777-1848
Расширение инициалов личного имени Иоганн Фридрих
Код отношения Автор идеи, слогана
702 #1 - ИМЯ ЛИЦА - ВТОРИЧНАЯ ОТВЕТСТВЕННОСТЬ
Код отношения Цензор
Материалы, к которым относится поле rus
Графика поля Кириллица
Начальный элемент ввода Павский
Часть имени, кроме начального элемента ввода Г. П.
Даты 1787-1863
Расширение инициалов личного имени Герасим Петрович
Идентификатор авторитетной/нормативной записи RU\NLR\AUTH\7752076
Системный номер авторитетной/нормативной записи 35009
702 #1 - ИМЯ ЛИЦА - ВТОРИЧНАЯ ОТВЕТСТВЕННОСТЬ
Начальный элемент ввода Ельцнер
Код отношения Книготорговец
702 #1 - ИМЯ ЛИЦА - ВТОРИЧНАЯ ОТВЕТСТВЕННОСТЬ
Код отношения Гравер
Графика поля Кириллица
Материалы, к которым относится поле rus
Начальный элемент ввода Колпаков
Часть имени, кроме начального элемента ввода И. И.
Даты 1771-1840
Расширение инициалов личного имени Иван Иванович
Системный номер авторитетной/нормативной записи 168455
Идентификатор авторитетной/нормативной записи RU\NLR\AUTH\770168503
712 02 - НАИМЕНОВАНИЕ ОРГАНИЗАЦИИ - ВТОРИЧНАЯ ОТВЕТСТВЕННОСТЬ
Код отношения Печатник (типограф)
Начальный элемент ввода Академическая типография
Идентифицирующий признак Петербург
Идентификатор авторитетной/нормативной записи RU\NLR\AUTH\8815379
Системный номер авторитетной/нормативной записи 303965
801 #0 - ИСТОЧНИК ЗАПИСИ
Страна Российская Федерация
Организация NLR
Правила каталогизации psbo
801 #1 - ИСТОЧНИК ЗАПИСИ
Страна Российская Федерация
Организация ProSoft-M
Источник данных rusmarc
852 ## - МЕСТОНАХОЖДЕНИЕ И ШИФР ХРАНЕНИЯ
Идентификатор организации NLR
Шифр хранения (Call Number) 18.122.5.15
852 ## - МЕСТОНАХОЖДЕНИЕ И ШИФР ХРАНЕНИЯ
Идентификатор организации NLR
Шифр хранения (Call Number) 138/769
942 ## - ДОПОЛНИТЕЛЬНЫЕ ЭЛЕМЕНТЫ ЗАПИСИ (АБИС)
Тип экземпляра АБИС Книга
980 ## - КОЛЛЕКЦИЯ
Название коллекции Национальная библиография
980 3# - КОЛЛЕКЦИЯ
Название коллекции
Экземпляры
Тип экземпляра Дата поступления Библиотека постоянного хранения Библиотека текущего хранения Место хранения Шифр хранения Штрих-код Статус экземпляра
Книга 26.10.2013 РНБ (Садовая) РНБ (Садовая) Русский книжный фонд -Главное здание, Ленинский читальный зал 18.122.5.15 1-4104429  
Книга 26.10.2013 РНБ (Садовая) РНБ (Садовая) Русский книжный фонд -Главное здание, Ленинский читальный зал 138/769 5183925-20